| 000 | 00877cam a22002291 4500 | ||
|---|---|---|---|
| 001 | 10144017 | ||
| 003 | ARRUPE | ||
| 005 | 20160127153119.0 | ||
| 008 | 800218s1927 enkbcf 001 0 eng | ||
| 010 | _a 27022302 | ||
| 035 | _a(OCoLC)5994494 | ||
| 040 |
_aDLC _cABAU _dABAU _dDLC |
||
| 042 | _apremarc | ||
| 050 | 0 | 0 |
_aDT12 _b.C6 |
| 100 | 2 |
_aCourt Treatt, Stella. _921871 |
|
| 245 | 1 | 0 |
_aCape to Cairo; _bthe record of a historic motor journey, _cby Stella Court Treatt, F.R.G.S.; with a foreword by the Earl of Clarendon. Illustrated with sixty-four photogravures from photographs by T. A. Glover, and a map. |
| 260 |
_aLondon, _bG.G. Harrap & Company Ltd. _c[1927] |
||
| 300 |
_a250, [1] p. _bfront., plates, ports., fold. map. _c24 cm. |
||
| 651 | 0 |
_aAfrica _xDescription and travel. _921872 |
|
| 906 |
_a7 _bcbc _coclcrpl _du _encip _f19 _gy-gencatlg |
||
| 942 |
_2lcc _cSPC |
||
| 999 |
_c124062 _d124062 |
||